Statystyki dla Polskie miasta w cyklu Speedway Grand Prix

Kliknij tutaj aby rozwiązać quiz!

Ogólne statystyki

  • Ten quiz został rozwiązany 168 razy
  • Średni wynik to 7 z 8

Statystyki odpowiedzi

ILOŚĆMIASTO% Poprawnych
16 turniejówToruń
97%
11 turniejówWrocław
96%
7 turniejówWarszawa
95%
16 turniejówBydgoszcz
85%
12 turniejówGorzów Wielkopolski
82%
5 turniejówLeszno
81%
2 turniejeLublin
79%
2 turniejeChorzów
57%

Rozkład punktacji

Percentyl według liczby udzielonych odpowiedzi

Procent ludzi z każdym wynikiem

Twoja historia wyników

Nie rozwiązałeś tego quizu